Mixed Word: Common Bond XCVII Quiz Stats

 Plays Quiz Updated Mar 30, 2018

Challenge
Share
Tweet
Embed
Score 0/14 Timer 03:00
0 Plays Today
Scrambled Word Answer % Correct
ASALSSALSA
98.7%
AOTCTACO
96%
ATFJAIFAJITA
92.4%
RORUTIBBURRITO
86.5%
Common Theme:Mexican/Tex-Mex Food
84.3%
LOAEGUCMAGUACAMOLE
78.8%
LESULAQAIDQUESADILLA
77.3%
Scrambled Word Answer % Correct
AIAGHNCCMHICHIMICHANGA
70.6%
ATODTASTOSTADA
70.4%
AMATESLTAMALES
61%
CNHASONACHOS/ANCHOS/SANCHO
60.5%
CNLEHAIADENCHILADA
58%
LTTRLOAITORTILLA
54.3%
OSLFEIJRFRIJOLES
35.7%

You're not logged in!

Compare scores with friends on all Sporcle quizzes.
OR
Log In

You Might Also Like...

Show Comments

Extras

Top Quizzes Today


Score Distribution

Your Account Isn't Verified!

In order to create a playlist on Sporcle, you need to verify the email address you used during registration. Go to your Sporcle Settings to finish the process.

Report this User

Report this user for behavior that violates our Community Guidelines.

Details: